1089 1923 1898 1795 1287 1416 1129 1068 1438 1560 1124 1743 1117 1428 1002 1017 1639 1161 1844 1533 1388 1426 1325 1485 1366 1698 1271 1643 1160 1456 1642 1254 1413 1818 1372 1388 1299 1278 1309 1387 1809 1166 1525 1469 1880 1848 1398 1804 1518 1068 1972 1652 1271 1894 1693 1256 1365 1581 1232 1575 1975 1634 1525 1184 1058 1935 1709 1299 1516 1560 1474 1710 1239 1729 1341 1583 1727 1689 1654 1295 1125 1742 1817 1813 1234 1542 1188 1547 1543 1899 1581 1201 1699 1560 1764 1064 1085 1723 1847 BCNSPRNW ULIB Ver.6.0+V

เปลี่ยนเป็นภาษาไทย

Change to English
 แสดงรายละเอียดบรรณานุกรม
  กลับหน้าหลัก

Brief Record : Get Marc (ISO 2709) : E-mail record : QR code < ปิดหน้าต่าง
LEADER : 00000nam 2200000uu 4500
001    13399111686
003     ULIB
008    110705s2007||||th 000 0 eng d
020    9780443103186
060  4 WQ^bD611 2007
245 00 Disability in pregnancy and childbirth /^cedited by StellaMcKay-Moffat
260    Edinburgh :^bLivingstone,^cc2007
300    xiv, 219 p. :^bill
650  2 Pregnancy complications
650  2 Delivery, Obstetric
650  2 Midwifery^xmethods
650  2 Pregnancy
700 1  McKay-Moffat, Stella,^eed
945    ^p1910^l0^i027739
949    Kesorn
999 ^a ใช้งานได้ทุกระบบ
รายการนี้ยังไม่มีแท็ก
คุณยังไม่ได้ล็อกอิน คุณสามารถมีกิจกรรมร่วมกับเว็บไซต์ได้ แต่ต้องล็อกอินก่อน ::
  ล็อกอิน

รายการสื่อสารสนเทศ

ลำดับที่ ประเภท เลขเรียก/บาร์โค้ด สถานที่ สถานะ
- ไม่พบข้อมูล -

รายการใกล้เคียง
    หัวเรื่อง [Pregnancy complications]
    หัวเรื่อง [Delivery, Obstetric]
    หัวเรื่อง [Pregnancy]

BibComment


ยังไม่เคยถูกคอมเมนท์

คอมเมนท์ทรัพยากรรายการนี้
  คอมเมนท์: Disability in pre..


 Copyright 2026. Bcnsprnw @Library